Высшая математика в упражнениях и задачах: учебное пособие; В 2 ч.

Bibliographic Details
Main Author: Данко П. Е. Павел Ефимович
Other Authors: Попов А. Г. Александр Георгиевич, Кожевникова Т. Я. Татьяна Яковлевна
Language:Russian
Published: Москва, Высшая школа, 1997-
Format: Book
KOHA link:https://koha.lib.tpu.ru/cgi-bin/koha/opac-detail.pl?biblionumber=7863

MARC

LEADER 00000nam1a2200000 4500
001 7863
005 20231030181351.0
035 |a (RuTPU)RU\TPU\book\7909 
035 |a BOOK00007968 
090 |a 7863 
100 |a 20011209d1997 m y0rusy50 ca 
101 0 |a rus 
102 |a RU 
200 1 |a Высшая математика в упражнениях и задачах  |e учебное пособие  |e В 2 ч.  |f П. Е. Данко, А. Г. Попов, Т. Я. Кожевникова 
210 |a Москва  |c Высшая школа  |d 1997- 
700 1 |a Данко  |b П. Е.  |g Павел Ефимович 
701 1 |a Попов  |b А. Г.  |g Александр Георгиевич 
701 1 |a Кожевникова  |b Т. Я.  |g Татьяна Яковлевна 
801 0 |a RU  |b 63413507  |c 20011209  |g PSBO 
801 2 |a RU  |b 63413507  |c 20041001  |g PSBO 
942 |c BK